000 00887nam a2200277 i 4500
003 EG-ScBUE
005 20240131100432.0
008 220201s2024 ua f 000 f ara d
017 _a2023 / 30185
020 _a9789770938836
040 _aEG-ScBUE
_bara
_erda
_cEG-ScBUE
_dEG-ScBUE
082 0 4 _222
_a892.737
_bط هـ م
100 1 _aطه، محمد،
_eمؤلف.
245 1 0 _aلأ بطعم الفلامنكو /
_cد. محمد طه.
250 _aالطبعة الأولى.
264 1 _aالقاهرة :
_bدار الشروق،
_c2024.
300 _a377 صفحة ؛
_c24 سم
336 _2rdacontent
_aنص
_btxt
337 _2rdamedia
_aبدون وسيط
_bn
338 _2rdacarrier
_aمجلد
_bnc
541 _aBook Fair 2024.
650 7 _aالقصص العربية
_zمصر
_yقرن 21.
_2BUEsh
653 _bARALIT
_cJanuary2024
655 _vReading book
942 _2ddc
999 _c30615
_d30586